| 000 | 00636nam a22001817a 4500 | ||
|---|---|---|---|
| 999 |
_c176423 _d176423 |
||
| 005 | 20201222141824.0 | ||
| 010 | _aENG-128709 | ||
| 020 |
_a978-0-19-948762-2 _c995.00 |
||
| 035 | _aEN-112241 | ||
| 037 | _bDBAD/PUB | ||
| 082 | _a342.54029 | ||
| 100 | _aChakrabarty, Bidyut | ||
| 245 |
_aConstitutionalizing India: an ideational project/ _bBidyut Chakrabarty |
||
| 260 |
_aNew Delhi _bOxford University Press _c2018 |
||
| 270 |
_bNew Delhi _e110002 _a2/11, Ground Floor, Ansari Road, Daryaganj |
||
| 300 |
_axli+305p. _c22cm(hbk) _bIncluding bibliographical references and index. |
||
| 942 |
_2ddc _cEN _h342.54029 _mCHA |
||